10 plus grandes villes de chaque département de France - Statistiques

Statistiques générales
  • Ce quiz a été pris 169 fois
    49 depuis la dernière actualisation
  • Le résultat moyen est 252 sur 941
Statistiques - réponses
Département Population Ville % Correct
Ain 41,525 Bourg-en-Bresse
95%
Puy-de-Dôme 147,327 Clermont-Ferrand
84%
Hautes-Alpes 40,500 Gap
84%
Aisne 52,958 Saint-Quentin
84%
Allier 25,789 Vichy
84%
Alpes-Maritimes 73,255 Cannes
79%
Bouches-du-Rhônes 873,076 Marseille
79%
Allier 19,343 Moulins
79%
Alpes-Maritimes 348,085 Nice
79%
Ain 22,277 Oyonnax
79%
Meurthe-et-Moselle 15,549 Toul
79%
Var 180,452 Toulon
79%
Gironde 261,804 Bordeaux
74%
Aisne 15,204 Château-Thierry
74%
Isère 157,477 Grenoble
74%
Allier 33,342 Montluçon
74%
Paris 2,133,111 Paris
74%
Aisne 28,705 Soissons
74%
Savoie 31,874 Aix-les-Bains
68%
Vaucluse 90,330 Avignon
68%
Finistère 139,619 Brest
68%
Hautes-Alpes 10,561 Briançon
68%
Côte-d'Or 159,346 Dijon
68%
Alpes-Maritimes 48,323 Grasse
68%
Aisne 24,021 Laon
68%
Vendée 54,952 La Roche-sur-Yon
68%
Rhône 522,250 Lyon
68%
Alpes-de-Haute-Provence 22,926 Manosque
68%
Alpes-Maritimes 30,412 Menton
68%
Meurthe-et-Moselle 104,260 Nancy
68%
Loire-Atlantique 323,204 Nantes
68%
Loire 172,718 Saint-Etienne
68%
Ille-et-Vilaine 47,323 Saint-Malo
68%
Haute-Garonne 504,078 Toulouse
68%
Gard 43,892 Alès
63%
Maine-et-Loire 157,175 Angers
63%
Haute-Savoie 131,715 Annecy
63%
Alpes-Maritimes 75,130 Antibes
63%
Bouches-du-Rhônes 50,415 Arles
63%
Cantal 25,815 Aurillac
63%
Corse 48,768 Bastia
63%
Dordogne 26,323 Bergerac
63%
Hérault 80,341 Béziers
63%
Calvados 108,200 Caen
63%
Aude 46,218 Carcassonne
63%
Savoie 59,856 Chambéry
63%
Ardennes 46,398 Charleville-Mézières
63%
Haut-Rhin 67,730 Colmar
63%
Alpes-de-Haute-Provence 17,192 Digne-les-Bains
63%
Ain 13,078 Gex
63%
Var 55,103 Hyères
63%
Charente-Maritime 78,535 La Rochelle
63%
Pas-de-Calais 32,618 Lens
63%
Haute-Loire 18,629 Le Puy-en-Velay
63%
Nord 236,710 Lille
63%
Moselle 120,874 Metz
63%
Hérault 304,454 Montpellier
63%
Gard 148,104 Nîmes
63%
Loiret 116,617 Orléans
63%
Dordogne 29,516 Périgueux
63%
Finistère 63,642 Quimper
63%
Marne 179,380 Reims
63%
Ille-et-Vilaine 225,081 Rennes
63%
Aveyron 24,207 Rodez
63%
Bas-Rhin 291,313 Strasbourg
63%
Indre-et-Loire 137,658 Tours
63%
Aube 62,782 Troyes
63%
Drôme 64,483 Valence
63%
Rhône 156,928 Villeurbanne
63%
Bouches-du-Rhônes 147,478 Aix-en-Provence
58%
Corse 73,822 Ajaccio
58%
Tarn 49,714 Albi
58%
Somme 133,625 Amiens
58%
Charente 41,086 Angoulême
58%
Bouches-du-Rhônes 47,342 Aubagne
58%
Gers 23,041 Auch
58%
Yonne 34,778 Auxerre
58%
Oise 56,677 Beauvais
58%
Territoire de Belfort 45,155 Belfort
58%
Doubs 119,198 Besançon
58%
Pyrénées-Atlantiques 25,764 Biarritz
58%
Loir-et-Cher 46,813 Blois
58%
Cher 63,702 Bourges
58%
Pas-de-Calais 67,380 Calais
58%
Eure-et-Loir 38,447 Chartres
58%
Manche 77,808 Cherbourg-en-Cotentin
58%
Maine-et-Loire 53,936 Cholet
58%
Nord 86,788 Dunkerque
58%
Eure 47,289 Evreux
58%
Ariège 9,472 Foix
58%
Creuse 12,540 Guéret
58%
Mayenne 49,657 Laval
58%
Seine-Maritime 166,058 Le Havre
58%
Sarthe 145,004 Le Mans
58%
Haute-Vienne 129,76 Limoges
58%
Saône-et-Loire 34,448 Mâcon
58%
Bouches-du-Rhônes 48,568 Martigues
58%
Loir-et-Cher 6,235 Mer
58%
Haut-Rhin 106,341 Mulhouse
58%
Aude 56,398 Narbonne
58%
Vaucluse 28,949 Orange
58%
Pyrénées-Atlantiques 77,066 Pau
58%
Pyrénées-Orientales 119,656 Perpignan
58%
Vienne 90,240 Poitiers
58%
Ardèche 8,541 Privas
58%
Nord 98,832 Roubaix
58%
Seine-Maritime 114,083 Rouen
58%
Côtes-d'Armor 44,224 Saint-Brieuc
58%
Seine-Saint-Denis 113,942 Saint-Denis
58%
Manche 19,373 Saint-Lô
58%
Ardennes 16,608 Sedan
58%
Hautes-Pyrénées 43,955 Tarbes
58%
Tarn-et-Garonne 5,256 Valence-d'Agen
58%
Rhône 66,363 Vénissieux
58%
Meuse 16,689 Verdun
58%
Tarn-et-Garonne 4,866 Verdun-sur-Garonne
58%
Alpes-de-Haute-Provence 4,355 Villeneuve
58%
Hérault 29,109 Agde
53%
Lot-et-Garonne 32,485 Agen
53%
Orne 25,555 Alençon
53%
Haute-Savoie 37,918 Annemasse
53%
Pas-de-Calais 42,600 Arras
53%
Meuse 14,668 Bar-le-Duc
53%
Pyrénées-Atlantiques 52,749 Bayonne
53%
Corrèze 46,599 Brive-la-Gaillarde
53%
Rhône 43,049 Bron
53%
Alpes-Maritimes 52,580 Cagnes-sur-Mer
53%
Lot 20,141 Cahors
53%
Indre 42,968 Châteauroux
53%
Oise 40,394 Compiègne
53%
Finistère 20,607 Concarneau
53%
Landes 21,347 Dax
53%
Côtes-d'Armor 14,675 Dinan
53%
Jura 23,775 Dole
53%
Eure-et-Loir 30,879 Dreux
53%
Isère 22,891 Fontaine
53%
Côte-d'Or 8,847 Fontaine-lès-Dijon
53%
Var 57,082 Fréjus
53%
Bouches-du-Rhônes 44,577 Istres
53%
Haute-Marne 7,697 Langres
53%
Alpes-Maritimes 41,597 Le Cannet
53%
Morbihan 57,546 Lorient
53%
Lozère 12,136 Mende
53%
Rhône 35,882 Meyzieu
53%
Landes 30,674 Mont-de-Marsan
53%
Drôme 40,399 Montélimar
53%
Gironde 66,76 Pessac
53%
Puy-de-Dôme 18,736 Riom
53%
Loire 34,762 Roanne
53%
Charente-Maritime 23,092 Rochefort
53%
Haute-Marne 23,068 Saint-Dizier
53%
Charente-Maritime 25,518 Saintes
53%
Cantal 6,423 Saint-Flour
53%
Rhône 48,822 Saint-Priest
53%
Hérault 44,712 Sète
53%
Nord 99,011 Tourcoing
53%
Morbihan 54,420 Vannes
53%
Rhône 52,139 Vaulx-en-Velin
53%
Yvelines 83,587 Versailles
53%
Val-de-Marne 96,205 Vitry-sur-Seine
53%
Somme 9,781 Albert
47%
Pyrénées-Atlantiques 41,153 Anglet
47%
Ardèche 16,873 Annonay
47%
Côte-d'Or 20,032 Beaune
47%
Ain 9,239 Belley
47%
Hauts-de-Seine 119,808 Boulogne-Billancourt
47%
Pas-de-Calais 40,910 Boulogne-sur-Mer
47%
Marne 43,877 Châlons-en-Champagne
47%
Saône-et-Loire 45,031 Chalon-sur-Saône
47%
Haute-Marne 21,669 Chaumont
47%
Charente 18,448 Cognac
47%
Corse 7,654 Corte
47%
Oise 36,106 Creil
47%
Nord 39,648 Douai
47%
Vosges 32,285 Epinal
47%
Var 62,763 La Seyne-sur-Mer
47%
Pyrénées-Atlantiques 13,915 Lons
47%
Jura 17,043 Lons-le-Saunier
47%
Hautes-Pyrénées 13,509 Lourdes
47%
Seine-et-Marne 55,616 Meaux
47%
Gironde 75,729 Mérignac
47%
Aveyron 21,712 Millau
47%
Loiret 15,061 Montargis
47%
Tarn-et-Garonne 61,919 Montauban
47%
Doubs 25,273 Montbéliard
47%
Hauts-de-Seine 97,351 Nanterre
47%
Nièvre 32,830 Nevers
47%
Deux-Sèvres 59,309 Niort
47%
Haute-Marne 3,548 Nogent
47%
Deux-Sèvres 5,566 Nueil-les-Aubiers
47%
Doubs 17,849 Pontarlier
47%
Charente-Maritime 19,029 Royan
47%
Loire 35,068 Saint-Chamond
47%
Haut-Rhin 22,968 Saint-Louis
47%
Loire-Atlantique 72,057 Saint-Nazaire
47%
Var 35,950 Saint-Raphaël
47%
Bouches-du-Rhônes 44,731 Salon-de-Provence
47%
Maine-et-Loire 26,215 Saumur
47%
Puy-de-Dôme 11,633 Thiers
47%
Moselle 42,163 Thionville
47%
Corrèze 19,992 Tulle
47%
Alpes-Maritimes 28,025 Vallauris
47%
Ain 16,295 Valserhône (Bellegarde-sur-Valserine)
47%
Eure 24,543 Vernon
47%
Cher 25,348 Vierzon
47%
Somme 22,595 Abbeville
42%
Calvados 12,775 Bayeux
42%
Gironde 30,813 Bègles
42%
Haute-Garonne 26,466 Blagnac
42%
Isère 29,577 Bourgoin-Jallieu
42%
Tarn 42,972 Castres
42%
Eure-et-Loir 12,909 Châteaudun
42%
Vienne 31,284 Châtellerault
42%
Haute-Garonne 40,159 Colomiers
42%
Seine-Maritime 28,358 Dieppe
42%
Isère 36,549 Echirolles
42%
Lot 9,770 Figeac
42%
Moselle 21,130 Forbach
42%
Ille-et-Vilaine 20,653 Fougères
42%
Calvados 22,227 Hérouville-Saint-Clair
42%
Indre-et-Loire 38,183 Joué-les-Tours
42%
Côtes-d'Armor 20,344 Lannion
42%
Calvados 19,807 Lisieux
42%
Alpes-Maritimes 21,561 Mandelieu-la-Napoule
42%
Bouches-du-Rhônes 33,003 Marignane
42%
Oise 21,382 Nogent-sur-Oise
42%
Loiret 22,855 Olivet
42%
Finistère 12,313 Quimperlé
42%
Ardennes 7,425 Rethel
42%
Drôme 32,911 Romans-sur-Isère
42%
Aube 14,766 Romilly-sur-Seine
42%
Jura 8,727 Saint-Claude
42%
Yvelines 44,380 Saint-Germain-en-Laye
42%
Alpes-Maritimes 30,941 Saint-Laurent-du-Var
42%
Isère 38,454 Saint-Martin-d'Hères
42%
Loire-Atlantique 28,283 Saint-Sébastien-sur-Loire
42%
Moselle 20,624 Sarreguemines
42%
Yonne 27,034 Sens
42%
Ardèche 11,191 Tournon-sur-Rhône
42%
Nord 42,991 Valenciennes
42%
Meurthe-et-Moselle 29,537 Vandœuvre-lès-Nancy
42%
Haute-Saône 15,130 Vesoul
42%
Isère 31,051 Vienne
42%
Rhône 35,913 Villefranche-sur-Saône
42%
Nord 62,067 Villeneuve-d'Ascq
42%
Orne 13,291 Argentan
37%
Val-d'Oise 107,221 Argenteuil
37%
Seine-Saint-Denis 90,071 Aubervilliers
37%
Saône-et-Loire 13,145 Autun
37%
Aube 4,753 Bar-sur-Aube
37%
Maine-et-Loire 23,639 Beaupréau-en-Mauges
37%
Pas-de-Calais 24,992 Béthune
37%
Seine-Saint-Denis 55,056 Bobigny
37%
Corse 9,678 Borgo
37%
Pas-de-Calais 21,827 Bruay-la-Buissière
37%
Pyrénées-Orientales 12,598 Canet-en-Roussillon
37%
Vaucluse 30,769 Carpentras
37%
Loire-Atlantique 20,510 Carquefou
37%
Hérault 24,888 Castelnau-le-Lez
37%
Gironde 26,778 Cenon
37%
Val-d'Oise 68,348 Cergy
37%
Côte-d'Or 14,445 Chenôve
37%
Meuse 5,319 Commercy
37%
Hauts-de-Seine 81,516 Courbevoie
37%
Puy-de-Dôme 20,193 Cournon-d'Auvergne
37%
Val-de-Marne 92,989 Créteil
37%
Finistère 14,163 Douarnenez
37%
Var 39,745 Draguignan
37%
Essonne 66,177 Evry-Courcouronnes
37%
Alpes-de-Haute-Provence 5,118 Forcalquier
37%
Ardennes 6,347 Givet
37%
Gironde 25,835 Gradignan
37%
Manche 12,581 Granville
37%
Bas-Rhin 35,715 Haguenau
37%
Haute-Saône 10,478 Héricourt
37%
Bas-Rhin 27,118 Illkirch-Graffenstaden
37%
Val-de-Marne 64,001 Ivry-sur-Seine
37%
Bouches-du-Rhônes 36,987 La Ciotat
37%
Var 25,912 La Garde
37%
Morbihan 23,026 Lanester
37%
Gironde 26,556 La Teste-de-Buch
37%
Indre 6,204 Le Blanc
37%
Seine-Maritime 25,975 Le Grand-Quevilly
37%
Seine-Maritime 21,782 Le Petit-Quevilly
37%
Vendée 48,402 Les Sables-d'Olonne
37%
Pas-de-Calais 30,149 Liévin
37%
Bas-Rhin 20,266 Lingolsheim
37%
Meurthe-et-Moselle 15,191 Longwy
37%
Hérault 26,185 Lunel
37%
Nord 39,356 Marcq-en-Barœul
37%
Seine-et-Marne 42,367 Melun
37%
Loire 16,064 Montbrison
37%
Moselle 21,854 Montigny-lès-Metz
37%
Seine-Saint-Denis 111,455 Montreuil
37%
Finistère 14,903 Morlaix
37%
Haute-Garonne 25,060 Muret
37%
Loire-Atlantique 27,872 Orvault
37%
Yvelines 40,016 Poissy
37%
Corse 11,229 Porto-Vecchio
37%
Loire-Atlantique 42,998 Rezé
37%
Loir-et-Cher 18,115 Romorantin-Lanthenay
37%
Sarthe 12,096 Sablé-sur-Sarthe
37%
Aube 12,775 Saint-André-les-Vergers
37%
Vosges 19,319 Saint-Dié-des-Vosges
37%
Seine-Maritime 28,508 Saint-Etienne-du-Rouvray
37%
Loire-Atlantique 49,537 Saint-Herblain
37%
Loiret 16,594 Saint-Jean-de-la-Ruelle
37%
Meurthe-et-Moselle 10,073 Saint-Max
37%
Val-d'Oise 58,424 Sarcelles
37%
Bas-Rhin 34,129 Schiltigheim
37%
Bas-Rhin 19,300 Sélestat
37%
Loir-et-Cher 4,342 Selles-sur-Cher
37%
Maine-et-Loire 25,806 Sèvremoine (Saint-Macaire)
37%
Gironde 45,225 Talence
37%
Haute-Savoie 37,027 Thonon-les-Bains
37%
Deux-Sèvres 14,000 Thouars
37%
Haute-Garonne 29,439 Tournefeuille
37%
Yvelines 33,717 Trappes
37%
Aisne 10,454 Villers-Cotterêts
37%
Isère 20,891 Voiron
37%
Nord 40,836 Wattrelos
37%
Moselle 14,302 Woippy
37%
Haute-Loire 7,345 Yssingeaux
37%
Gard 8,685 Aigues-Mortes
32%
Savoie 19,812 Albertville
32%
Marne 7,086 Bétheny
32%
Corse 7,654 Biguglia
32%
Landes 14,551 Biscarrosse
32%
Bas-Rhin 17,939 Bischheim
32%
Drôme 19,581 Bourg-lès-Valence
32%
Deux-Sèvres 19,906 Bressuire
32%
Haute-Loire 6,518 Brioude
32%
Rhône 43,572 Caluire-et-Cuire
32%
Corse 5,746 Calvi
32%
Vaucluse 25,923 Cavaillon
32%
Vendée 22,494 Challans
32%
Seine-et-Marne 54,309 Chelles
32%
Maine-et-Loire 21,386 Chemillé-en-Anjou
32%
Hauts-de-Seine 64,849 Clichy
32%
Hauts-de-Seine 88,870 Colombes
32%
Gers 6,466 Condom
32%
Nièvre 9,437 Cosne-Cours-sur-Loire
32%
Loire-Atlantique 23,057 Couëron
32%
Aveyron 5,111 Decazeville
32%
Territoire de Belfort 5,680 Delle
32%
Seine-Saint-Denis 71,363 Drancy
32%
Marne 22,001 Epernay
32%
Moselle 14,798 Fameck
32%
Seine-Maritime 18,016 Fécamp
32%
Loiret 21,438 Fleury-les-Aubrais
32%
Vosges 7,833 Gérardmer
32%
Haut-Rhin 11,137 Guebwiller
32%
Pyrénées-Atlantiques 17,796 Hendaye
32%
Pas-de-Calais 26,035 Hénin-Beaumont
32%
Calvados 11,981 Ifs
32%
Indre 10,992 Issoudun
32%
Hauts-de-Seine 68,580 Issy-les-Moulineaux
32%
Aube 12,299 La Chapelle-Saint-Luc
32%
Sarthe 14,937 La Flèche
32%
Creuse 4,933 La Souterraine
32%
Var 23,955 La Valette-du-Var
32%
Saône-et-Loire 20,731 Le Creusot
32%
Haute-Vienne 5,947 Le Palais-sur-Vienne
32%
Eure 7,937 Les Andelys
32%
Meurthe-et-Moselle 17,755 Lunéville
32%
Yvelines 44,539 Mantes-la-Jolie
32%
Lot-et-Garonne 17,239 Marmande
32%
Vendée 20,605 Montaigu-Vendée
32%
Somme 6,009 Montdidier
32%
Doubs 6,867 Morteau
32%
Vosges 6,580 Neufchâteau
32%
Aube 5,809 Nogent-sur-Seine
32%
Seine-Saint-Denis 70,374 Noisy-le-Grand
32%
Calvados 9,331 Ouistreham
32%
Rhône 37,628 Oullins-Pierre-Bénite
32%
Ariège 16,394 Pamiers
32%
Seine-Saint-Denis 60,800 Pantin
32%
Morbihan 18,591 Ploemeur
32%
Morbihan 14,774 Pontivy
32%
Vosges 7,611 Remiremont
32%
Hauts-de-Seine 78,186 Rueil-Malmaison
32%
Aveyron 7,992 Saint-Affrique
32%
Aube 10,515 Sainte-Savine
32%
Indre 3,641 Saint-Maur
32%
Yvelines 51,220 Sartrouville
32%
Seine-et-Marne 30,510 Savigny-le-Temple
32%
Essonne 37,371 Savigny-sur-Orge
32%
Oise 15,255 Senlis
32%
Alpes-de-Haute-Provence 7,699 Sisteron
32%
Seine-Maritime 28,965 Sotteville-lès-Rouen
32%
Côte-d'Or 11,894 Talant
32%
Vosges 8,513 Thaon-les-Vosges
32%
Marne 10,552 Tinqueux
32%
Loire-Atlantique 26,002 Vertou
32%
Aveyron 11,720 Villefranche-de-Rouergue
32%
Gironde 40,500 Villenave-d'Ornon
32%
Lot-et-Garonne 21,629 Villeneuve-sur-Lot
32%
Calvados 17,135 Vire Normandie
32%
Ille-et-Vilaine 18,998 Vitré
32%
Marne 11,454 Vitry-le-François
32%
Ardennes 4,016 Vouziers
32%
Haut-Rhin 15,262 Wittenheim
32%
Ain 14,894 Ambérieu-en-Bugey
26%
Hauts-de-Seine 63,232 Antony
26%
Hauts-de-Seine 89,662 Asnières-sur-Seine
26%
Ardèche 12,360 Aubenas
26%
Doubs 13,944 Audincourt
26%
Yonne 6,387 Avallon
26%
Manche 10,204 Avranches
26%
Hautes-Pyrénées 7,000 Bagnères-de-Bigorre
26%
Loire-Atlantique 20,410 Bouguenais
26%
Ille-et-Vilaine 19,651 Bruz
26%
Nord 31,425 Cambrai
26%
Haut-Rhin 11,745 Cernay
26%
Val-de-Marne 77,724 Champigny-sur-Marne
26%
Allier 12,909 Cusset
26%
Hautes-Alpes 6,404 Embrun
26%
Ain 10,920 Ferney-Voltaire
26%
Orne 14,482 Flers
26%
Hérault 23,808 Frontignan
26%
Val-d'Oise 42,541 Garges-lès-Gonesse
26%
Vosges 8,849 Golbey
26%
Moselle 15,968 Hayange
26%
Haut-Rhin 14,829 Illzach
26%
Orne 7,824 L'Aigle
26%
Finistère 16,206 Landerneau
26%
Meurthe-et-Moselle 14,671 Laxou
26%
Haute-Saône 7,918 Lure
26%
Val-de-Marne 58,068 Maisons-Alfort
26%
Landes 7,364 Mimizan
26%
Oise 12,287 Noyon
26%
Bas-Rhin 12,216 Obernai
26%
Bas-Rhin 13,310 Ostwald
26%
Essonne 34,893 Palaiseau
26%
Deux-Sèvres 10,058 Parthenay
26%
Somme 7,291 Péronne
26%
Vaucluse 20,012 Pertuis
26%
Meurthe-et-Moselle 14,338 Pont-à-Mousson
26%
Val-d'Oise 31,327 Pontoise
26%
Côte-d'Or 7,490 Saint-Apollinaire
26%
Moselle 15,045 Saint-Avold
26%
Pyrénées-Atlantiques 14,601 Saint-Jean-de-Luz
26%
Maine-et-Loire 15,358 Trélazé
26%
Corrèze 9,159 Ussel
26%
Meurthe-et-Moselle 14,761 Villers-lès-Nancy
26%
Meurthe-et-Moselle 10,069 Villerupt
26%
Bouches-du-Rhônes 35,532 Vitrolles
26%
Vosges 4,793 Vittel
26%
Moselle 17,401 Yutz
26%
Indre-et-Loire 12,938 Amboise
21%
Pyrénées-Orientales 10,792 Argelès-sur-Mer
21%
Cantal 6,315 Arpajon-sur-Cère
21%
Seine-Saint-Denis 86,135 Aulnay-sous-Bois
21%
Morbihan 14,222 Auray
21%
Meuse 3,021 Belleville-sur-Meuse
21%
Vaucluse 13,605 Bollène
21%
Puy-de-Dôme 17,454 Chamalières
21%
Côte-d'Or 10,944 Chevigny-Saint-Sauveur
21%
Val-de-Marne 46,129 Choisy-le-Roi
21%
Nièvre 3,593 Clamecy
21%
Essonne 52,683 Corbeil-Essonnes
21%
Marne 6,456 Cormontreuil
21%
Manche 8,353 Coutances
21%
Seine-Maritime 15,951 Elbeuf
21%
Calvados 7,782 Falaise
21%
Loire 17,137 Firminy
21%
Gers 6,012 Fleurance
21%
Val-d'Oise 37,520 Franconville
21%
Loiret 13,387 Gien
21%
Haute-Saône 5,551 Gray
21%
Yvelines 33,449 Houilles
21%
Puy-de-Dôme 15,014 Issoire
21%
Yonne 9,218 Joigny
21%
Haute-Marne 2,972 Joinville
21%
Haut-Rhin 13,178 Kingersheim
21%
Indre 4,034 La Châtre
21%
Charente 7,753 La Couronne
21%
Sarthe 8,799 La Ferté-Bernard
21%
Hautes-Alpes 2,267 L'Argentière-la-Bessée
21%
Indre-et-Loire 10,325 La Riche
21%
Hérault 17,544 Lattes
21%
Gers 3,690 Lectoure
21%
Vendée 16,453 Les Herbiers
21%
Ardèche 8,901 Le Teil
21%
Hauts-de-Seine 68,009 Levallois-Perret
21%
Vaucluse 19,965 L'Isle-sur-la-Sorgue
21%
Haute-Saône 6,659 Luxeuil-les-Bains
21%
Essonne 50,962 Massy
21%
Cantal 3,519 Mauriac
21%
Mayenne 12,900 Mayenne
21%
Tarn 10,064 Mazamet
21%
Ain 10,225 Miribel
21%
Marne 5,074 Mourmelon-le-Grand
21%
Pyrénées-Atlantiques 10,616 Oloron-Sainte-Marie
21%
Alpes-de-Haute-Provence 5,981 Oraison
21%
Morbihan 9,879 Ploërmel
21%
Seine-et-Marne 38,258 Pontault-Combault
21%
Côte-d'Or 8,869 Quetigny
21%
Vosges 5,045 Rambervillers
21%
Vosges 6,061 Raon-l'Étape
21%
Ardennes 5,815 Revin
21%
Haut-Rhin 12,163 Riedischeim
21%
Haut-Rhin 13,795 Rixheim
21%
Ain 14,558 Saint-Genis-Pouilly
21%
Gard 14,264 Saint-Gilles
21%
Loiret 21,700 Saint-Jean-de-Braye
21%
Savoie 7,536 Saint-Jean-de-Maurienne
21%
Haute-Savoie 15,840 Saint-Julien-en-Genevois
21%
Meuse 3,924 Saint-Mihiel
21%
Allier 4,997 Saint-Pourçain-sur-Sioule
21%
Orne 4,191 Sées
21%
Aisne 13,431 Tergnier
21%
Aude 5,416 Trèbes
21%
Doubs 10,765 Valentigney
21%
Gard 11,774 Vauvert
21%
Loir-et-Cher 15,747 Vendôme
21%
Haute-Marne 2,777 Wassy
21%
Allier 12,598 Yzeure
21%
Haute-Vienne 5,839 Aixe-sur-Vienne
16%
Loiret 13,267 Amilly
16%
Loire 10,187 Andrézieux-Bouthéon
16%
Essonne 36,222 Athis-Mons
16%
Creuse 3,108 Aubusson
16%
Pas-de-Calais 17,672 Avion
16%
Charente-Maritime 9,578 Aytré
16%
Gard 15,680 Beaucaire
16%
Puy-de-Dôme 10,650 Beaumont
16%
Eure 9,622 Bernay
16%
Pyrénées-Atlantiques 13,866 Billère
16%
Bas-Rhin 12,435 Bischwiller
16%
Lot-et-Garonne 5,723 Boé
16%
Ardennes 5,006 Bogny-sur-Meuse
16%
Landes 9,185 Capbreton
16%
Manche 10,220 Carentan-les-Marais
16%
Tarn-et-Garonne 14,178 Castelsarrasin
16%
Ille-et-Vilaine 17,716 Cesson-Sévigné
16%
Haute-Marne 2,377 Chalindrey
16%
Indre-et-Loire 11,589 Chambray-lès-Tours
16%
Mayenne 16,710 Château-Gontier-sur-Mayenne
16%
Haute-Savoie 17,164 Cluses
16%
Somme 6,177 Corbie
16%
Oise 14,217 Crépy-en-Valois
16%
Seine-et-Marne 22,845 Dammarie-les-Lys
16%
Ain 10,137 Divonne-les-Bains
16%
Corrèze 4,283 Egletons
16%
Val-d'Oise 28,987 Ermont
16%
Lozère 2,096 Florac Trois Rivières
16%
Tarn 15,633 Gaillac
16%
Allier 5,759 Gannat
16%
Eure 11,919 Gisors
16%
Lot 3,946 Gourdon
16%
Val-d'Oise 30,693 Goussainville
16%
Aude 5,096 Gruissan
16%
Val-d'Oise 31,605 Herblay-sur-Seine
16%
Haute-Vienne 7,853 Isle
16%
Côtes-d'Armor 16,845 Lamballe-Armor
16%
Lozère 2,867 Langogne
16%
Haute-Marne 2,169 La Porte-du-Der (Montier-en-Der)
16%
Seine-Saint-Denis 58,257 Le Blanc-Mesnil
16%
Yvelines 33,977 Les Mureaux
16%
Meuse 3,803 Ligny-en-Barrois
16%
Aude 10,302 Limoux
16%
Isère 17,206 L'Isle-d'Abeau
16%
Gers 9,324 L'Isle-Jourdain
16%
Eure 18,35 Louviers
16%
Eure-et-Loir 15,602 Lucé
16%
Lozère 4,738 Marvejols
16%
Hérault 16,596 Mauguio
16%
Deux-Sèvres 5,904 Melle
16%
Ariège 3,120 Mirepoix
16%
Tarn-et-Garonne 13,748 Moissac
16%
Haute-Loire 8,925 Monistrol-sur-Loire
16%
Saône-et-Loire 16,831 Montceau-les-Mines
16%
Yvelines 31,777 Montigny-le-Bretonneux
16%
Seine-Maritime 20,066 Mont-Saint-Aignan
16%
Orne 3,815 Mortagne-au-Perche
16%
Lot-et-Garonne 6,881 Nérac
16%
Eure-et-Loir 9,641 Nogent-le-Rotrou
16%
Aveyron 11,873 Onet-le-Château
16%
Pyrénées-Atlantiques 10,684 Orthez
16%
Lozère 2,300 Peyre-en-Aubrac
16%
Pyrénées-Orientales 10,733 Pia
16%
Haute-Garonne 19,944 Plaisance-du-Touch
16%
Essonne 29,825 Ris-Orangis
16%
Somme 5,662 Roye
16%
Cher 9,456 Saint-Amand-Montrond
16%
Morbihan 11,927 Saint-Avé
16%
Indre-et-Loire 15,000 Saint-Avertin
16%
Indre-et-Loire 17,004 Saint-Cyr-sur-Loire
16%
Essonne 35,846 Sainte-Geneviève-des-Bois
16%
Pyrénées-Orientales 11,550 Saint-Estève
16%
Ariège 6,250 Saint-Girons
16%
Haute-Vienne 11,387 Saint-Junien
16%
Loire 15,419 Saint-Just-Saint-Rambert
16%
Gironde 32,538 Saint-Médard-en-Jalles
16%
Landes 14,317 Saint-Paul-lès-Dax
16%
Indre-et-Loire 15,909 Saint-Pierre-des-Corps
16%
Landes 9,871 Saint-Pierre-du-Mont
16%
Landes 7,956 Saint-Vincent-de-Tyrosse
16%
Haute-Vienne 6,825 Saint-Yrieix-la-Perche
16%
Charente 7,725 Saint-Yrieix-sur-Charente
16%
Haute-Savoie 17,133 Sallanches
16%
Dordogne 8,812 Sarlat-la-Canéda
16%
Var 36,203 Six-Fours-les-Plages
16%
Vaucluse 19,117 Sorgues
16%
Landes 8,421 Soustons
16%
Ariège 3,034 Tarascon-sur-Ariège
16%
Landes 12,92 Tarnos
16%
Meuse 3,179 Thierville-sur-Meuse
16%
Yonne 4,301 Tonnerre
16%
Essonne 31,050 Vigneux-sur-Seine
16%
Isère 19,083 Villefontaine
16%
Val-de-Marne 57,753 Villejuif
16%
Seine-et-Marne 26,822 Villeparisis
16%
Val-de-Marne 48,798 Vincennes
16%
Essonne 31,045 Viry-Châtillon
16%
Sarthe 11,013 Allonnes
11%
Indre 4,848 Argenton-sur-Creuse
11%
Hautes-Pyrénées 7,982 Aureilhan
11%
Maine-et-Loire 14,938 Avrillé
11%
Gard 18,248 Bagnols-sur-Cèze
11%
Haute-Garonne 17,385 Balma
11%
Charente 4,732 Barbezieux-Saint-Hilaire
11%
Val-d'Oise 32,017 Bezons
11%
Lot-et-Garonne 6,233 Bon-Encontre
11%
Haute-Savoie 12,895 Bonneville
11%
Dordogne 10,697 Boulazac Isle Manoire
11%
Creuse 2,450 Bourganeuf
11%
Drôme 9,578 Bourg-de-Péage
11%
Ardèche 7,352 Bourg-Saint-Andéol
11%
Seine-et-Marne 26,571 Bussy-Saint-Georges
11%
Tarn 9,898 Carmaux
11%
Pas-de-Calais 17,852 Carvin
11%
Haute-Garonne 14,903 Castanet-Tolosan
11%
Aude 12,448 Castelnaudary
11%
Tarn-et-Garonne 6,804 Caussade
11%
Loiret 12,728 Châlette-sur-Loing
11%
Jura 8,000 Champagnole
11%
Seine-et-Marne 25,695 Champs-sur-Marne
11%
Alpes-de-Haute-Provence 5,082 Château-Arnoux-Saint-Auban
11%
Aisne 11,496 Chauny
11%
Allier 6,059 Commentry
11%
Yvelines 35,926 Conflans-Sainte-Honorine
11%
Dordogne 7,245 Coulounieix-Chamiers
11%
Haute-Vienne 9,828 Couzeix
11%
Drôme 8,756 Crest
11%
Haute-Garonne 20,341 Cugnaux
11%
Nièvre 5,152 Decize
11%
Indre 7,625 Déols
11%
Allier 8,667 Domérat
11%
Gers 4,014 Eauze
11%
Pyrénées-Orientales 9,428 Elne
11%
Seine-Saint-Denis 53,489 Epinay-sur-Seine
11%
Aveyron 4,624 Espalion
11%
Haute-Loire 3,547 Espaly-Saint-Marcel
11%
Meuse 3,473 Etain
11%
Haute-Vienne 6,080 Feytiat
11%
Marne 5,803 Fismes
11%
Vendée 13,471 Fontenay-le-Comte
11%
Corse 6,032 Furiani
11%
Puy-de-Dôme 10,258 Gerzat
11%
Charente 5,950 Gond-Pontouvre
11%
Tarn 13,166 Graulhet
11%
Saône-et-Loire 6,616 Gueugnon
11%
Ardèche 11,203 Guilherand-Granges
11%
Finistère 15,460 Guipavas
11%
Morbihan 15,746 Hennebont
11%
Aisne 8,662 Hirson
11%
Hautes-Pyrénées 4,022 Juillan
11%
Nièvre 4,672 La Charité-sur-Loire
11%
Var 19,179 La Crau
11%
Orne 5,116 La Ferté-Macé
11%
Savoie 12,299 La Motte-Servolex
11%
Côtes-d'Armor 7,886 Langueux
11%
Hautes-Pyrénées 5,810 Lannemezan
11%
Haute-Savoie 11,263 La Roche-sur-Foron
11%
Tarn 10,93 Lavaur
11%
Ariège 6,035 Lavelanet
11%
Lot-et-Garonne 9,373 Le Passage
11%
Indre 5,840 Le Poinçonnet
11%
Maine-et-Loire 12,725 Les Ponts-de-Cé
11%
Aude 10,952 Lézignan-Corbières
11%
Côte-d'Or 8,876 Longvic
11%
Côtes-d'Armor 9,762 Loudéac
11%
Vienne 6,743 Loudun
11%
Aveyron 6,000 Luc-la-Primaube
11%
Corrèze 8,027 Malemort
11%
Deux-Sèvres 8,597 Mauléon
11%
Oise 14,320 Méru
11%
Isère 18,573 Meylan
11%
Yonne 7,068 Migennes
11%
Gers 3,454 Mirande
11%
Calvados 10,075 Mondeville
11%
Oise 13,701 Montataire
11%
Tarn-et-Garonne 6,605 Montech
11%
Cantal 2,137 Naucelles
11%
Corrèze 3,699 Objat
11%
Saône-et-Loire 9,239 Paray-le-Monial
11%
Haute-Savoie 11,068 Passy
11%
Drôme 13,799 Pierrelatte
11%
Côtes-d'Armor 14,704 Plérin
11%
Côtes-d'Armor 11,369 Ploufragan
11%
Finistère 13,445 Plougastel-Daoulas
11%
Jura 4,011 Poligny
11%
Oise 12,291 Pont-Sainte-Maxence
11%
Gard 10,600 Pont-Saint-Esprit
11%
Drôme 10,422 Portes-lès-Valence
11%
Aude 5,905 Port-la-Nouvelle
11%
Lot 3,584 Pradines
11%
Haute-Garonne 14,949 Ramonville-Saint-Agne
11%
Cantal 2,428 Riom-ès-Montagnes
11%
Loire 15,214 Rive-de-Gier
11%
Seine-et-Marne 23,061 Roissy-en-Brie
11%
Charente 7,356 Ruelle-sur-Touvre
11%
Lot 3,438 Saint-Céré
11%
Lozère 4,096 Saint-Chély-d'Apcher
11%
Cher 9,645 Saint-Doulchard
11%
Creuse 2,497 Sainte-Feyre
11%
Haute-Loire 6,023 Sainte-Sigolène
11%
Vendée 12,682 Saint-Hilaire-de-Riez
11%
Haute-Saône 2,944 Saint-Loup-sur-Semouse
11%
Deux-Sèvres 7,254 Saint-Maixent-l'Ecole
11%
Val-de-Marne 75,441 Saint-Maur-des-Fossés
11%
Ardèche 7,588 Saint-Péray
11%
Tarn 9,576 Saint-Sulpice-la-Pointe
11%
Creuse 1,911 Saint-Sulpice-le-Guérétois
11%
Saône-et-Loire 8,503 Saint-Vallier
11%
Dordogne 4,674 Sanilhac
11%
Loiret 16,679 Saran
11%
Charente-Maritime 7,183 Saujon
11%
Ariège 4,815 Saverdun
11%
Maine-et-Loire 17,669 Segré-en-Anjou Bleu
11%
Aveyron 4,062 Sévérac-d'Aveyron
11%
Lot 3,198 Souillac
11%
Charente 9,995 Soyaux
11%
Charente-Maritime 6,825 Surgères
11%
Jura 3,923 Tavaux
11%
Dordogne 6,261 Terrasson-Lavilledieu
11%
Lot-et-Garonne 9,337 Tonneins
11%
Dordogne 7,268 Trélissac
11%
Corrèze 4,253 Ussac
11%
Eure 12,647 Val-de-Reuil
11%
Territoire de Belfort 5,236 Valdoie
11%
Manche 6,791 Valognes
11%
Nièvre 9,180 Varennes-Vauzelles
11%
Eure-et-Loir 12,455 Vernouillet
11%
Hautes-Alpes 3,238 Veynes
11%
Hautes-Pyrénées 4,822 Vic-en-Bigorre
11%
Gard 12,617 Villeneuve-lès-Avignon
11%
Ardèche 3,674 Viviers
11%
Cantal 4,322 Ytrac
11%
Vendée 10,146 Aizenay
5%
Corrèze 4,019 Allassac
5%
Haute-Vienne 5,558 Ambazac
5%
Jura 3,193 Arbois
5%
Puy-de-Dôme 10,211 Aubière
5%
Cher 5,476 Aubigny-sur-Nère
5%
Haute-Loire 6,171 Aurec-sur-Loire
5%
Côte-d'Or 7,602 Auxonne
5%
Hautes-Pyrénées 3,500 Barbazan-Debat
5%
Haute-Loire 4,546 Bas-en-Basset
5%
Corse 4,251 Bastelicaccia
5%
Territoire de Belfort 4,595 Bavilliers
5%
Territoire de Belfort 5,005 Beaucourt
5%
Allier 8,855 Bellerive-sur-Allier
5%
Doubs 5,308 Bethoncourt
5%
Ille-et-Vilaine 12,698 Betton
5%
Lot 1,973 Biars-sur-Cère
5%
Aisne 5,721 Bohain-en-Vermandois
5%
Hautes-Pyrénées 5,407 Bordères-sur-l'Echez
5%
Savoie 7,187 Bourg-Saint-Maurice
5%
Lozère 2,078 Bourgs-sur-Colagne
5%
Manche 5,867 Bricquebec-en-Cotentin
5%
Haute-Loire 4,246 Brives-Charensac
5%
Vienne 10,105 Buxerolles
5%
Pyrénées-Orientales 10,338 Cabestany
5%
Aveyron 4,407 Capdenac-Gare
5%
Charente 5,193 Champniers
5%
Lozère 1,437 Chanac
5%
Mayenne 6,397 Changé
5%
Sarthe 6,686 Changé
5%
Vienne 7,099 Chauvigny
5%
Hautes-Alpes 3,065 Chorges
5%
Calvados 7,022 Colombelles
5%
Corrèze 3,026 Cosnac
5%
Nièvre 3,693 Coulanges-lès-Nevers
5%
Aude 5,751 Coursan
5%
Somme 5,835 Doullens
5%
Eure-et-Loir 5,549 Epernon
5%
Mayenne 8,508 Evron
5%
Creuse 1,536 Felletin
5%
Indre-et-Loire 10,741 Fondettes
5%
Ardennes 3,151 Fumay
5%
Aisne 5,204 Gauchy
5%
Gers 3,055 Gimont
5%
Creuse 1,560 Gouzon
5%
Lot 3,482 Gramat
5%
Morbihan 11,947 Guidel
5%
Jura 5,167 Hauts de Bienne (Morez)
5%
Vienne 7,687 Jaunay-Marigny
5%
Cantal 2,026 Jussac
5%
Lozère 2,099 La Canourgue
5%
Cher 3,692 La Chapelle-Saint-Ursin
5%
Loir-et-Cher 4,497 La Chaussée-Saint-Victor
5%
Charente-Maritime 7,387 Lagord
5%
Hautes-Alpes 3,585 Laragne-Montéglin
5%
Savoie 9,042 La Ravoire
5%
Ardèche 4,791 La Voulte-sur-Rhône
5%
Loire 12,066 Le Chambon-Feugerolles
5%
Loir-et-Cher 6,719 Le Controis-en-Sologne (Contres)
5%
Vaucluse 17,551 Le Pontet
5%
Gard 8,840 Les Angles
5%
Jura 3,683 Les Rousses
5%
Charente 5,662 L'Isle-d'Espagnac
5%
Drôme 9,298 Livron-sur-Drôme
5%
Somme 5,767 Longueau
5%
Corse 6,091 Lucciana
5%
Vendée 9,483 Luçon
5%
Eure-et-Loir 6,682 Luisant
5%
Eure-et-Loir 11,057 Mainvilliers
5%
Cantal 2,110 Maurs
5%
Ariège 3,868 Mazères
5%
Cher 6,448 Mehun-sur-Yèvre
5%
Yonne 4,111 Monéteau
5%
Vaucluse 13,129 Monteux
5%
Indre-et-Loire 11,048 Montlouis-sur-Loire
5%
Dordogne 5,834 Montpon-Ménestérol
5%
Tarn-et-Garonne 5,743 Nègrepelisse
5%
Ille-et-Vilaine 11,918 Pacé
5%
Haute-Vienne 11,064 Panazol
5%
Gers 2,510 Pavie
5%
Charente-Maritime 8,741 Périgny
5%
Finistère 13,473 Plouzané
5%
Eure 9,848 Pont-Audemer
5%
Puy-de-Dôme 12,549 Pont-du-Château
5%
Lot 3,460 Prayssac
5%
Pyrénées-Orientales 9,099 Rivesaltes
5%
Haute-Savoie 15,998 Rumilly
5%
Savoie 6,429 Saint-Alban-Leysse
5%
Dordogne 5,320 Saint-Astier
5%
Vienne 7,307 Saint-Benoît
5%
Mayenne 7,353 Saint-Berthevin
5%
Pyrénées-Orientales 11,398 Saint-Cyprien
5%
Yonne 4,220 Saint-Florentin
5%
Cher 6,419 Saint-Florent-sur-Cher
5%
Cher 4,924 Saint-Germain-du-Puy
5%
Ille-et-Vilaine 13,656 Saint-Jacques-de-la-Lande
5%
Manche 4,890 Saint-James
5%
Tarn 6,600 Saint-Juéry
5%
Pyrénées-Orientales 10,010 Saint-Laurent-de-la-Salanque
5%
Corrèze 4,883 Saint-Pantaléon-de-Larche
5%
Hautes-Pyrénées 5,161 Séméac
5%
Aude 5,583 Sigean
5%
Charente-Maritime 8,195 Tonnay-Charente
5%
Côtes-d'Armor 8,450 Trégueux
5%
Savoie 7,148 Ugine
5%
Ariège 3,495 Varilhes
5%
Eure 7,305 Verneuil d'Avre et d'Iton
5%
Gers 3,581 Vic-Fezensac
5%
Cantal 1,885 Vic-sur-Cère
5%
Ardennes 3,608 Villers-Semeuse
5%
Loir-et-Cher 8,067 Vineuil
5%
Meuse 2,599 Ancerville
0%
Indre 3,778 Ardentes
0%
Sarthe 5,482 Arnage
0%
Mayenne 6,211 Bonchamp-lès-Laval
0%
Indre 4,504 Buzançais
0%
Haute-Saône 3,700 Champagney
0%
Saône-et-Loire 7,969 Charnay-lès-Mâcon
0%
Ille-et-Vilaine 10,518 Châteaugiron
0%
Deux-Sèvres 7,151 Chauray
0%
Savoie 6,520 Cognin
0%
Sarthe 8,003 Coulaines
0%
Mayenne 4,435 Craon
0%
Territoire de Belfort 3,541 Danjoutin
0%
Saône-et-Loire 7,498 Digoin
0%
Orne 4,155 Domfront-en-Poiraie
0%
Haute-Saône 3,225 Echenoz-la-Méline
0%
Haute-Marne 2,014 Eclaron-Braucourt-Sainte-Livière
0%
Mayenne 5,576 Ernée
0%
Vendée 9,399 Essarts en Bocage
0%
Territoire de Belfort 3,348 Essert
0%
Haute-Marne 2,029 Eurville-Bienville
0%
Val-de-Marne 51,812 Fontenay-sous-Bois
0%
Haute-Saône 3,780 Fougerolles-Saint-Valbert
0%
Lot-et-Garonne 5,484 Foulayronnes
0%
Nièvre 4,037 Fourchambault
0%
Creuse 1,437 Fursac
0%
Eure 6,801 Gaillon
0%
Nièvre 3,685 Garchizy
0%
Territoire de Belfort 2,908 Giromagny
0%
Doubs 5,857 Grand-Charmont
0%
Territoire de Belfort 2,978 Grandvillars
0%
Tarn-et-Garonne 4,197 Grisolles
0%
Hautes-Alpes 2,292 Guillestre
0%
Hérault 12,783 Juvignac
0%
Hautes-Alpes 2,595 La Bâtie-Neuve
0%
Tarn 6,538 Labruguière
0%
Deux-Sèvres 5,732 La Crèche
0%
Loir-et-Cher 4,565 Lamotte-Beuvron
0%
Ariège 3,246 La Tour-du-Crieu
0%
Alpes-de-Haute-Provence 3,884 Les Mées
0%
Eure-et-Loir 5,623 Lèves
0%
Mayenne 4,435 L'Huisserie
0%
Nièvre 3,675 Marzy
0%
Vienne 6,197 Migné-Auxances
0%
Tarn-et-Garonne 4,299 Montbeton
0%
Jura 3,154 Montmorot
0%
Sarthe 5,805 Montval-sur-Loir
0%
Vienne 5,944 Naintré
0%
Ardennes 5,592 Nouzonville
0%
Territoire de Belfort 4,109 Offemont
0%
Sarthe 5,365 Parigné-l'Evêque
0%
Yonne 4,824 Paron
0%
Alpes-de-Haute-Provence 3,941 Pierrevert
0%
Aube 5,143 Pont-Sainte-Marie
0%
Côtes-d'Armor 7,316 Pordic
0%
Haute-Saône 2,977 Port-sur-Saône
0%
Lot 1,900 Puy-l'Evêque
0%
Meuse 2,702 Revigny-sur-Ornain
0%
Loire 11,045 Riorges
0%
Aube 4,749 Rosières-près-Troyes
0%
Lozère 1,377 Saint-Alban-sur-Limagnole
0%
Lot-et-Garonne 6,496 Sainte-Livrade-sur-Lot
0%
Alpes-de-Haute-Provence 3,489 Sainte-Tulle
0%
Orne 3,164 Saint-Georges-des-Groseillers
0%
Orne 3,693 Saint-Germain-du-Corbéis
0%
Manche 5,747 Saint-Hilaire-du-Harcouët
0%
Aube 6,745 Saint-Julien-les-Villas
0%
Haute-Loire 4,217 Saint-Just-Malmont
0%
Marne 5,434 Saint-Memmie
0%
Drôme 8,758 Saint-Paul-Trois-Châteaux
0%
Creuse 1,732 Saint-Vaury
0%
Loir-et-Cher 4,897 Salbris
0%
Doubs 5,784 Seloncourt
0%
Hautes-Alpes 2,312 Tallard
0%
Cher 4,005 Trouy
0%
Doubs 5,724 Valdahon
0%
Yonne 5,136 Villeneuve-sur-Yonne
0%
Somme 4,640 Villers-Bretonneux
0%
Vienne 6,210 Vouneuil-sous-Biard
0%
Aucun quiz correspondant
Distribution des résultats
% des personnes avec chaque résultat
Percentile par nombre de réponses
Votre historique - résultats
Vous n’avez pas pris ce quiz depuis la dernière actualisation